ბათუმის შოთა რუსთაველის სახელმწიფო უნივერსიტეტის ბიბლიოთეკა

საქართველოს ზოგადი ადმინისტრაციული კოდექსი (მიღებულია 1999 წლის 25 ივნისს) : (ბიბ.ჩანაწერი № 57728)

000 -ლიდერი
ფიქსირებული სიგრძის საკონტროლო ველი 01165nam a22002057a 4500
003 - საკონტროლო ნომრის იდენტიფიკატორი
საკონტროლო ველი Ge_BSU
005 - ბოლო ოპერაციის თარიღი და დრო
საკონტროლო ველი 20210416122052.0
008 - ფიქსირებული სიგრძის მონაცემთა ელემენტები - ზოგადი ინფორმაცია
ფიქსირებული სიგრძის საკონტროლო ველი 201019s2020 ge ||||| |||| 00| 0 geo d
020 ## - წიგნის საერთაშორისო სტანდარტული ნომერი
International Standard Book Number 9992898356
041 ## - ენის კოდი
Language code of text/sound track or separate title geo
080 ## - უნივერსალური ათობითი კლასიფიკაციის ინდექსი
Universal Decimal Classification number 342.9(479.22)(094.4) ს-32
245 ## - ცნობა სათაურის შესახებ
Title საქართველოს ზოგადი ადმინისტრაციული კოდექსი (მიღებულია 1999 წლის 25 ივნისს) :
Remainder of title საქართველოს ადმინისტრაციული საპროცესო კოდექსი (მიღებულია 1999 წლის 23 ივლისს) /
264 ## - წარმოების, გამოცემის, დისტრიბუციის და სხვა ცნობები
გამოცემის, წარმოების, დისტრიბუციის... ადგილი თბ.:
გამოცემის, წარმოების, დისტრიბუციის... სახელწოდება ბონა კაუზა,
გამოცემის, წარმოების, დისტრიბუციის... თარიღი 2020.
300 ## - ფიზიკური აღწერა
Extent 187 გვ.
Other physical details 20 სმ.
490 ## - სერიის ცნობა
Series statement იურისტის ბიბლიოთეკა
653 ## - INDEX TERM--UNCONTROLLED
Uncontrolled term საქართველოს ადმინისტრაციული კოდექსი
653 ## - INDEX TERM--UNCONTROLLED
Uncontrolled term საქართველოს ადმინისტრაციული საპრცესო კოდექსი
653 ## - INDEX TERM--UNCONTROLLED
Uncontrolled term სამართალი
942 ## - ADDED ENTRY ELEMENTS (KOHA)
Source of classification or shelving scheme
Koha item type წიგნი
ეგზემპლარები
ჩამოწერის სტატუსი დაკარგული ეგზემპლარის სტატუსი კლასიფიკაციის წყარო ან თაროზე გაწყობის სქემა დაზიანების სტატუსი არ გაიცემა მუდმივი მდებარეობა (დაცვის ადგილი) ამჟამინდელი ადგილსამყოფელი თაროზე განთავსების ადგილი შეძენის თარიღი ღირებულება, შესყიდვის ნორმალური ფასი სრული შენახვის შიფრი შტრიხკოდი ბოლო ოპერაციის თარიღი ეგზემპლარის მიმდევრობითი ნომერი (კეტერი?) ფასის ძალაში შესვლის თარიღი ეგზემპლარის სახეობა საჯარო შენიშვნა
          ბათუმის შოთა რუსთაველის სახელმწიფო უნივერსიტეტის მთავარი ბიბლიოთეკა ბათუმის შოთა რუსთაველის სახელმწიფო უნივერსიტეტის მთავარი ბიბლიოთეკა წიგნსაცავი 2020-10-19 8.00 342.9(479.22)(094.4) ს-32 61066 2020-10-19 61066 2020-10-19 წიგნი 8 ლ.